Statistics for 'Butterfly' in Different Languages

Click here to take the quiz!

General Stats

  • This quiz has been taken 32 times
  • The average score is 8 of 16

Answer Stats

TranslationLanguage% Correct
MariposaSpanish
94%
PapillonFrench
88%
SchmetterlingGerman
82%
BabochkaRussian
82%
FjärilSwedish
71%
Pōpō liʻiliʻiHawaiian
65%
VlinderDutch
53%
FarashaArabic
47%
BorboletaPortuguese
47%
TitaleeHindi
29%
HúdiéMandarin
29%
Kupu-kupuIndonesian
24%
KelebekTurkish
18%
Par-parHebrew
12%
NabiKorean
12%
KipepeoSwahili
12%

Score Distribution

Percentile by Number Answered

Percent of People with Each Score

Your Score History

You have not taken this quiz